00580nam a2200145 a 4500008004100000050001800041100001800059245003700077260004500114300002200159350000900181995009300190999001700283952013400300120416s1966 ||||||||||||||||| || u aHF 5415.2 Gre aGreen, Paul E10aResearch for marketing decisions aEnglewood CliffsbFT Prentice-Hallc1966 avii, 532p. : ill. a0.00 D0.00FCBU-MAIN LIBRARY (Kitwe)H1I6.50M1UDAMAGEDZMain Library Open Access Collection c56301d56301 00102lcc4070a001b001cMain Library Open Access Collectiond2022-11-30l0oHF 5415.2 Grep005680r2022-11-30w2022-11-30y002